تأثير استخدام قواعد تهيئة محركات البحث في المواقع الصحفية المصرية على اعتماد الشركات عليها في عرض المحتوى المدفوع / (رقم التسجيلة. 178251)
[ عرض عادي ]
| 000 -LEADER | |
|---|---|
| fixed length control field | 03779namaa22004211i 4500 |
| 003 - CONTROL NUMBER IDENTIFIER | |
| control field | OSt |
| 005 - أخر تعامل مع التسجيلة | |
| control field | 20260302095600.0 |
| 008 - FIXED-LENGTH DATA ELEMENTS--GENERAL INFORMATION | |
| fixed length control field | 250827s2025 ua a|||frm||| 000 0 eng d |
| 040 ## - CATALOGING SOURCE | |
| Original cataloguing agency | EG-GICUC |
| Language of cataloging | ara |
| Transcribing agency | EG-GICUC |
| Modifying agency | EG-GICUC |
| Description conventions | rda |
| 041 0# - LANGUAGE CODE | |
| Language code of text/sound track or separate title | ara |
| Language code of summary or abstract | ara |
| -- | eng |
| 049 ## - Acquisition Source | |
| Acquisition Source | إيداع |
| 082 04 - DEWEY DECIMAL CLASSIFICATION NUMBER | |
| Classification number | 070.43 |
| 092 ## - LOCALLY ASSIGNED DEWEY CALL NUMBER (OCLC) | |
| Classification number | 070.43 |
| Edition number | 21 |
| 097 ## - Degree | |
| Degree | مــــاجستير |
| 099 ## - LOCAL FREE-TEXT CALL NUMBER (OCLC) | |
| Local Call Number | Cai01.15.02.M.Sc.2025.إي.ت |
| 100 0# - MAIN ENTRY--PERSONAL NAME | |
| Authority record control number or standard number | ،إيمان ماهر سيد عبدالجواد |
| Preparation | إعداد. |
| 245 10 - TITLE STATEMENT | |
| Title | تأثير استخدام قواعد تهيئة محركات البحث في المواقع الصحفية المصرية على اعتماد الشركات عليها في عرض المحتوى المدفوع / |
| Statement of responsibility, etc. | إعداد إيمان ماهر سيد عبدالجواد؛ إشراف د. سماح عبد الرازق الشهاوي. |
| 246 15 - VARYING FORM OF TITLE | |
| Title proper/short title | The impact of search engine optimization seo techniques on egyptian news websites and its effect on corporate reliance for paid content placement / |
| 264 #0 - PRODUCTION, PUBLICATION, DISTRIBUTION, MANUFACTURE, AND COPYRIGHT NOTICE | |
| Date of production, publication, distribution, manufacture, or copyright notice | 2025. |
| 300 ## - PHYSICAL DESCRIPTION | |
| Extent | 191 ورقة : |
| Other physical details | إيضاحيات ؛ |
| Dimensions | 30 سم. + |
| Accompanying material | CD. |
| 336 ## - CONTENT TYPE | |
| Content type term | text |
| Source | rda content |
| 337 ## - MEDIA TYPE | |
| Media type term | Unmediated |
| Source | rdamedia |
| 338 ## - CARRIER TYPE | |
| Carrier type term | volume |
| Source | rdacarrier |
| 502 ## - DISSERTATION NOTE | |
| Dissertation note | أطروحة (ماجستير)-جامعة القاهرة، 2025. |
| 504 ## - BIBLIOGRAPHY, ETC. NOTE | |
| Bibliography, etc. note | ببليوجرافيا: صفحات 141-150. |
| 520 ## - SUMMARY, ETC. | |
| Summary, etc. | تستكشف هذه الدراسة العلاقة بين ممارسات تهيئة محركات البحث (SEO) في المواقع الصحفية المصرية واعتماد الشركات المصرية على تلك المواقع لنشر محتوى مدفوع عن خدماتها، منتجاتها، أو عن الشركة نفسها. ووجدت الدراسة وجود علاقة إيجابية بين متغيري الدراسة، مما يشير إلى أن تهيئة محركات البحث تعد عاملًا مهمًا في جذب المحتوى المدفوع وزيادة الزيارات على الموقع، كما تسلط الدراسة الضوء على التحديات التي تواجهها المواقع الصحفية المصرية في تحقيق التوازن بين الحاجة إلى الإيرادات من المحتوى المدعوم والإلتزام بأخلاقيات الممارسة الصحفية التي تنص على عدم خداع الجمهور. |
| 520 ## - SUMMARY, ETC. | |
| Summary, etc. | This research explores the relationship between Search Engine Optimization (SEO) practices and the reliance of Egyptian companies on news websites for paid content placement. The study found a positive correlation between the two aspects, suggesting that SEO is a significant factor in attracting paid content and increasing website traffic. The research also highlights the challenges faced by Egyptian news websites in balancing the need for revenue from sponsored content with maintaining journalistic integrity. |
| 530 ## - ADDITIONAL PHYSICAL FORM AVAILABLE NOTE | |
| Issues CD | صدر أيضًا كقرص مدمج. |
| 546 ## - LANGUAGE NOTE | |
| Text Language | النص بالعربية والملخص باللغة الإنجليزية والعربية. |
| 650 #7 - SUBJECT ADDED ENTRY--TOPICAL TERM | |
| Topical term or geographic name entry element | الانباء |
| Source of heading or term | qrmak |
| General subdivision | مصادر |
| 650 #7 - SUBJECT ADDED ENTRY--TOPICAL TERM | |
| Topical term or geographic name entry element | الانباء |
| Source of heading or term | qrmak |
| General subdivision | تجميع |
| 653 #0 - INDEX TERM--UNCONTROLLED | |
| Uncontrolled term | تهيئة محركات البحث |
| -- | تاريخ تهيئة محركات البحث في مصر |
| -- | تهيئة محركات البحث في الصحافة المصرية |
| 700 0# - ADDED ENTRY--PERSONAL NAME | |
| Personal name | سماح عبد الرازق الشهاوي |
| Relator term | مشرف أطروحة. |
| 900 ## - Thesis Information | |
| Grant date | 01-01-2025 |
| Supervisory body | سماح عبد الرازق الشهاوي |
| Discussion body | سهير عثمان عبدالحليم |
| -- | فاطمة الزهراء عبد الفتاح |
| Universities | جامعة القاهرة |
| Faculties | كلية الإعلام |
| Department | قسم الصحافة الإلكترونية |
| 905 ## - Cataloger and Reviser Names | |
| Cataloger Name | Sara Salah |
| Reviser Names | Afaf |
| 942 ## - ADDED ENTRY ELEMENTS (KOHA) | |
| Source of classification or shelving scheme | Dewey Decimal Classification |
| Koha item type | Thesis |
| Edition | 21 |
| Suppress in OPAC | No |
| Source of classification or shelving scheme | Home library | Current library | Date acquired | Inventory number | Full call number | Barcode | Date last seen | Effective from | Koha item type |
|---|---|---|---|---|---|---|---|---|---|
| Dewey Decimal Classification | المكتبة المركزبة الجديدة - جامعة القاهرة | قاعة الرسائل الجامعية - الدور الاول | 08.02.2026 | 32936 | Cai01.15.02.M.Sc.2025.إي.ت | 01010100032936000 | 08.02.2026 | 08.02.2026 | Thesis |